X-men : (Record no. 208)
[ view plain ]
| 000 -LEADER | |
|---|---|
| fixed length control field | 00802nam a2200205 a 4500 |
| 005 - DATE AND TIME OF LATEST TRANSACTION | |
| control field | 20260322212010.0 |
| 008 - FIXED-LENGTH DATA ELEMENTS--GENERAL INFORMATION | |
| fixed length control field | data |
| 099 ## - LOCAL FREE-TEXT CALL NUMBER (OCLC) | |
| Classification number | DVD 1000 |
| 001 - CONTROL NUMBER | |
| control field | data |
| 245 00 - TITLE STATEMENT | |
| Title | X-men : |
| Remainder of title | Apocalypse |
| Statement of responsibility, etc. | edited by Stan Lee, James McAvoy & Jennifer Lawrence. |
| 260 ## - PUBLICATION, DISTRIBUTION, ETC. | |
| Place of publication, distribution, etc. | Beverly Hills, California : |
| Name of publisher, distributor, etc. | 20th Century Fox, |
| Date of publication, distribution, etc. | 2016. |
| 300 ## - PHYSICAL DESCRIPTION | |
| Extent | DVD video 1 videodisc (144 minutes) : sound, color ; |
| Other physical details | 4 3/4 in. |
| 500 ## - GENERAL NOTE | |
| General note | Widescreen (2.40:1)./ Originally released as a motion picture in 2016. |
| 520 ## - SUMMARY, ETC. | |
| Summary, etc. | After the re-emergence of the world's first mutant, world-destroyer Apocalypse, the X-Men must unite to defeat his extinction level plan. |
| 650 #0 - SUBJECT ADDED ENTRY--TOPICAL TERM | |
| Topical term or geographic name entry element | Action and adventure films |
| 650 #0 - SUBJECT ADDED ENTRY--TOPICAL TERM | |
| Topical term or geographic name entry element | Science fiction films |
| 700 1# - ADDED ENTRY--PERSONAL NAME | |
| Personal name | Lee, Stan. |
| 700 1# - ADDED ENTRY--PERSONAL NAME | |
| Personal name | McAvoy, James, |
| Dates associated with a name | 1979- |
| 700 1# - ADDED ENTRY--PERSONAL NAME | |
| Personal name | Lawrence, Jennifer |
| Withdrawn status | Lost status | Damaged status | Not for loan | Home library | Current library | Shelving location | Date acquired | Total checkouts | Full call number | Barcode | Date last seen | Price effective from | Koha item type |
|---|---|---|---|---|---|---|---|---|---|---|---|---|---|
| Franklin | Franklin | General stacks | 22/03/2026 | GEN | BC0010215 | 22/03/2026 | 22/03/2026 | Books |